வெள்ளகால் ப.சுப்பிரமணிய முதலியார் (Record no. 9550)
[ view plain ]
| 000 -LEADER | |
|---|---|
| fixed length control field | 00836 a2200229 4500 |
| 010 ## - LIBRARY OF CONGRESS CONTROL NUMBER | |
| LC control number | TML-30652 |
| 020 ## - INTERNATIONAL STANDARD BOOK NUMBER | |
| Terms of availability | 25.00 |
| International Standard Book Number | 8126020881 |
| 035 ## - SYSTEM CONTROL NUMBER | |
| System control number | TM-28889 |
| 037 ## - SOURCE OF ACQUISITION | |
| Source of stock number/acquisition | D.B.Act / pub / |
| 082 ## - DEWEY DECIMAL CLASSIFICATION NUMBER | |
| Classification number | 894.811092 |
| 090 ## - LOCALLY ASSIGNED LC-TYPE CALL NUMBER (OCLC); LOCAL CALL NUMBER (OCLC) | |
| -- | 9728 |
| -- | 9728 |
| 100 ## - MAIN ENTRY--PERSONAL NAME | |
| Personal name | சுப்பிரமணியன், சி |
| 245 ## - TITLE STATEMENT | |
| Title | வெள்ளகால் ப.சுப்பிரமணிய முதலியார் |
| Statement of responsibility, etc | by சி.சுப்பிரமணியன் |
| 246 ## - VARYING FORM OF TITLE | |
| Title proper/short title | Vellakkal P. Subramaniya Mudaliar |
| Remainder of title | By C. Subramaniam |
| 250 ## - EDITION STATEMENT | |
| Edition statement | 1st ed |
| 260 ## - PUBLICATION, DISTRIBUTION, ETC. (IMPRINT) | |
| Place of publication, distribution, etc | New Delhi |
| Name of publisher, distributor, etc | Sahitya Akademi |
| Date of publication, distribution, etc | 2005 |
| 270 ## - ADDRESS | |
| City | New Delhi |
| Postal code | 110001 |
| 300 ## - PHYSICAL DESCRIPTION | |
| Extent | 126p |
| Other physical details | 22cm |
| 650 ## - SUBJECT ADDED ENTRY--TOPICAL TERM | |
| Topical term or geographic name as entry element | Tamil Literature |
| General subdivision | biography |
| 942 ## - ADDED ENTRY ELEMENTS (KOHA) | |
| Koha item type | Tamil Bks |
| Call number prefix | 894.811092 / SUB |
| Withdrawn status | Lost status | Source of classification or shelving scheme | Damaged status | Not for loan | Home library | Current library | Cost, normal purchase price | Total Checkouts | Full call number | Barcode | Date last seen | Uniform Resource Identifier | Cost, replacement price | Price effective from | Koha item type |
|---|---|---|---|---|---|---|---|---|---|---|---|---|---|---|---|
| Dewey Decimal Classification | Not For Loan | D.B.Act.Division | D.B.Act.Division | 25.00 | 894.811092 | TM-28889 | 15/09/2008 | 10536 | 25.00 | 15/09/2008 | Tamil Bks |
